书目信息 |
| 题名: |
新编万年历
|
|
| 作者: | ;中国科学院紫金山天文台 编 | |
| 分册: | ||
| 出版信息: | 北京 科学普及出版社 1979 |
|
| 页数: | 161页 | |
| 开本: | 19cm | |
| 丛书名: | ||
| 单 册: | ||
| 中图分类: | P195.2 | |
| 科图分类: | ||
| 主题词: | 历书--1840~2000 | |
| 电子资源: | ||
| ISBN: | ||
| 000 | 00731nam0 2200229 45 | |
| 001 | 0179000826 | |
| 005 | 20060406161437.96 | |
| 010 | @dCNY0.40 | |
| 091 | @a13051.1005 | |
| 100 | @a19950726d1979 em y0chiy0121 ea | |
| 101 | 0 | @achi |
| 102 | @aCN@b110000 | |
| 105 | @ay z 000yy | |
| 200 | 10 | @a新编万年历@Axin bian wan nian li@e1840—2000年@f中国科学院紫金山天文台编@Fzhong guo ke xue yuan zi jin shan tian wen tai bian |
| 210 | @a北京@c科学普及出版社@d1979 | |
| 215 | @a161页@d19cm | |
| 517 | 1 | @a万年历@Awan nian li |
| 606 | @a历书@z1840~2000 | |
| 690 | @aP195.2@v3 | |
| 711 | 0 | @a中国科学院紫金山天文台@Azhong guo ke xue yuan zi jin shan tian wen tai@4编 |
| 801 | 0 | @aCN@bNLC@c20060406 |
| 905 | @dP195.2@e29@f1@b204946 | |
| 新编万年历:1840—2000年/中国科学院紫金山天文台编.-北京:科学普及出版社,1979 |
| 161页;19cm |
| ISBN :CNY0.40 |
| ● |
| 相关链接 |
|
|
|
|
正题名:新编万年历
索取号:P195.2/29
 
预约/预借
| 序号 | 登录号 | 条形码 | 馆藏地/架位号 | 状态 | 备注 |
| 1 | 0025609 | 000628262 | 第二样本阅览室/ [索取号:P195.2/29] | 在馆 | |
| 2 | 0025612 | 202210491 | 密集书库/ [索取号:P195.2/29] | 在馆 | |
| 3 | 0049836 | 000628315 | 第三借阅区/ [索取号:P195.2/29] | 在馆 | |
| 4 | 0049837 | 000628271 | 密集书库/ [索取号:P195.2/29] | 在馆 | |
| 5 | 0049838 | 001698345 | 第三借阅区/ [索取号:P195.2/29] | 在馆 | |
| 6 | 0162375 | 000628299 | 第三借阅区/ [索取号:P195.2/29] | 在馆 | |
| 7 | 0162376 | 000628306 | 第三借阅区/ [索取号:P195.2/29] | 在馆 | |
| 8 | 0162377 | 000628280 | 密集书库/ [索取号:P195.2/29] | 在馆 | |
| 9 | 0162378 | 001614391 | 密集书库/ [索取号:P195.2/29] | 在馆 | |
| 10 | 0204946 | 001953121 | 密集书库/ [索取号:P195.2/29] | 在馆 | |
| 11 | 0204947 | 202210151 | 密集书库/ [索取号:P195.2/29] | 在馆 | |
| 12 | 0204948 | 202169937 | 密集书库/ [索取号:P195.2/29] | 在馆 |